武汉地铁二号线 - Statistics

General Stats
  • This quiz has been taken 150 times
  • The average score is 24 of 38
Answer Stats
Hint Answer % Correct
天河机场
94%
可换乘6号线 江汉路
91%
佛祖岭
87%
光谷广场
86%
可换乘1号线 循礼门
84%
可换乘4号线 洪山广场
84%
可换乘8号线 街道口
83%
可换乘7号线 螃蟹岬
82%
汉口火车站
79%
华中科技大学
79%
可换乘4号线 中南路
77%
可换乘5号线 积玉桥
74%
宝通寺
74%
可换乘11号线 武汉东站
74%
小龟山
70%
中山公园
69%
广埠屯
69%
虎泉
67%
珞雄路
67%
可换乘3号线 范湖
65%
换乘站3、8号线 宏图大道
63%
杨家湾
63%
航空总部
61%
青年路
60%
可换乘6号线 常青花园
58%
可换乘7号线 王家墩东
57%
可换乘7号线 巨龙大道
56%
金银潭
56%
盘龙城
50%
佳园路
46%
宋家岗
43%
光谷大道
43%
秀湖
38%
长港路
37%
常青城
36%
藏龙东街
30%
金融港北
29%
黄龙山路
24%
No matching quizzes found
Score Distribution
Percent of People with Each Score
Percentile by Number Answered
Your Score History
You have not taken this quiz